| 000 | 01284nam a22001817a 4500 | ||
|---|---|---|---|
| 999 |
_c64086 _d64086 |
||
| 003 | Ge_BSU | ||
| 005 | 20260327112608.0 | ||
| 008 | 260327s1973 ge ||||| |||| 00| 0 geo d | ||
| 041 | _ageo | ||
| 080 | _a330.341.1(47+57) ბ-29 | ||
| 100 |
_aბასილაია, გ. _927221 |
||
| 245 |
_aთანამედროვე სამეცნიერო-ტექნიკური რევოლუცია, მისი ეკონომიური და სოციალური პრობლემები / _cგ. ბასილაია; საქართველოს კპ. ცკ-ისა და თბილ. კომ-ტის პოლიტ. განათლ. რესპ. სახლი. |
||
| 264 |
_aთბილისი : _bსაქართველოს კპ ცკ-ის გამ-ბა, _c 1973. |
||
| 300 |
_a117 გვ. ; _b16 სმ. |
||
| 653 | _aსამეცნიერო-ტექნიკური რევოლუცია | ||
| 710 |
_aსაქართველოს კპ. ცკ-ისა და თბილისის კომიტეტის პოლიტიკური განათლების რესპუბლიკური სახლი. _925894 |
||
| 942 |
_2udc _cᲬᲘᲒᲜᲘ |
||